| 000 | 00398nam a2200145 a 4500 | ||
|---|---|---|---|
| 005 | 20140412111316.0 | ||
| 008 | 010307s19uu xx 00 eng d | ||
| 020 | _a0-7235-6873-1 | ||
| 050 |
_aER _bGa11 1989 |
||
| 245 | _aGary grasshopper. | ||
| 260 |
_aUnited Kingdom : _bVictoria Publishing Ltd, _c1989. |
||
| 300 | _a1 v. (unp.) ; ill. | ||
| 650 | _aAnimal stories -- Fiction | ||
| 999 |
_c104240 _d104240 |
||